Biblia w "Katechizmie nieświeskim" Szymona Budnego
| Titel: | Biblia w "Katechizmie nieświeskim" Szymona Budnego : Uwagi filologa |
|---|---|
| Verfasser: | |
| In: |
Wrocławskie Towarzystwo Naukowe. Komisja Językowa: Rozprawy Komisji Językowej, Band 28 (2002), Seite 81-87 alle Artikel anzeigen |
| Veröffentlicht: | 2002 |
| Format: | Aufsatz |
| Sprache: | Polnisch |
X
alg: 39384161
001A $01999:12-11-16
001B $01999:28-05-21 $t19:21:16.000
001C $06050:19-11-16 $t08:50:35.000
001D $01999:12-11-16
001U $0utf8
001X $00
002@ $0Aox
003@ $0393841618
007A $0393841618 $aHEB
007T $0Herdk13715
010@ $apol
011@ $a2002
021A $aBiblia w "Katechizmie nieświeskim" Szymona Budnego $dUwagi filologa
028A $aKamieniecki $dJan
031A $d28 $h81-87 $j2002
039B $aIn $8--Abvc--Wrocławskie Towarzystwo Naukowe$bKomisja Językowa [Tb1]. Rozprawy Komisji Językowej. - Wrocław {[u.a.] : Państw. Wydawn. Naukowe, 1959-2015. - ISSN 0084-2990 $x200200000280000919 $9047286199
045F $a417.709438 $eDDC23BSB
045F/01 $a417.7
045F/03 $g438
045T $a7,11 $a7,39
045T $aLING $qDE-30 $2FID
lok: 39384161 78
exp: 39384161 78 1 #EPN
201B/01 $014-03-18 $t23:04:56.000
201U/01 $0utf8
203@/01 $0789952114
208@/01 $a12-11-16 $be
209A/01 $a/ $f000 $x00
220C/01 $aTitelaufnehmer: pbb
220C/01 $aHerkunft: IH PAN/PBB Kraków
244Z/01 $2Trx $#Poola $#Lenkija $#Polija $#Polen Land $#Poland $#Lengyelország $#Poľsko $#Polsko $8--Trx--Polska$gkraj $x01 $9391345966
244Z/01 $#Ni︠a︡sviz︠h︡ (Belarus) $#Nesviž $#Njaswisch $#Njasviž $#Nieśwież $#Nesvizh $#Nyasvizh $#Neswisch Weißrussland $74308293-2 $8--Tg1--Neswisch $x02 $930163260X
244Z/01 $aGeschichte 1550-1593 $x03
244Z/01 $2Trx $8--Trx--Budny, Szymon$Z1530-1593 $x04 $9391076140
244Z/01 $2Trx $#Piibel $#Biblija $#Bībele $#Bible $#Biblia $#Biblia $#biblia $#bible $8--Trx--Bibel $x05 $939135485X
244Z/01 $2Trx $#kirjandus, religioosne $#literatūra, religinė $#Literature, religious $#irodalom, vallásos $#literatura religijna $#literatúra náboženská $#literatura náboženská $8--Trx--Literatur, religiöse $x06 $9391367994
244Z/01 $2Trx $#antitrinitaarid $#antitrinitoriai $#Anti-Trinitians $#antitrinitáriusok $#antytrynitarze $#antitrinitári $#antitrinitáři $#Sozinianer $#Arianier $#bracia polscy $#arianie $#socynianie $#sociniáni $#arianizmus $#sociniáni $8--Trx--Antitrinitarier $x07 $9391363670
244Z/01 $2Trx $8--Trx--Zeitschriftenaufsatz $x08 $9391384341
245Z/01 $a11.07 $x01
247C/01 $82080>Marburg/Lahn, Herder-Institut, Forschungsbibliothek, Bibliographieportal $9336309341
| LEADER | 00000caa a22000002c 4500 | ||
|---|---|---|---|
| 001 | 393841618 | ||
| 003 | DE-603 | ||
| 005 | 20210528192116.0 | ||
| 007 | tu | ||
| 008 | 161112s2002 xx |||| | u00||u|pol c | ||
| 035 | |a (DE-599)HEB393841618 | ||
| 040 | |a DE-603 |b ger |c DE-603 |d DE-603 | ||
| 041 | |a pol | ||
| 082 | 0 | 4 | |8 1\u |a 417.709438 |q DE-101 |2 23/BSB |
| 084 | |a 7,11 |a 7,39 |2 ssgn | ||
| 084 | |a LING |q DE-30 |2 fid | ||
| 085 | |8 1\u |b 417.7 | ||
| 085 | |8 1\u |z 2 |s 438 | ||
| 100 | 1 | |a Kamieniecki, Jan | |
| 245 | 0 | 0 | |a Biblia w "Katechizmie nieświeskim" Szymona Budnego |b Uwagi filologa |
| 264 | 0 | |c 2002 | |
| 773 | 0 | 8 | |i In |a Wrocławskie Towarzystwo Naukowe. Komisja Językowa |t Rozprawy Komisji Językowej |d Wrocław [u.a.] : Państw. Wydawn. Naukowe, 1959-2015 |x 0084-2990 |g Band 28 (2002), Seite 81-87 |w (DE-603)047286199 |w (DE-600)205639-2 |
| 924 | 0 | |9 2080 |a (DE-603)789952114 |b DE-2080 |c HES |d d |g / | |


